Online
Catalog

¿Forastero yo? / (Record no. 905)

MARC details
000 -CABECERA
campo de control de longitud fija 00980nam a2200241 a 4500
001 - NÚMERO DE CONTROL
campo de control 000000914
005 - FECHA Y HORA DE LA ÚLTIMA TRANSACCIÓN
campo de control 20240530073910.0
008 - DATOS DE LONGITUD FIJA--INFORMACIÓN GENERAL
campo de control de longitud fija 090609s2004 dr 001 0 spa d
020 ## - NÚMERO INTERNACIONAL ESTÁNDAR DEL LIBRO
Número Internacional Estándar del Libro 9993432024
020 ## - NÚMERO INTERNACIONAL ESTÁNDAR DEL LIBRO
Número Internacional Estándar del Libro 9789993432029
040 ## - FUENTE DE LA CATALOGACIÓN
Centro catalogador/agencia de origen DO-SdBNP
Lengua de catalogación spa
Centro/agencia transcriptor BNPHU
082 ## - NÚMERO DE LA CLASIFICACIÓN DECIMAL DEWEY
Número de clasificación RD863 .44
Número de documento/Ítem S715f
100 1# - ENTRADA PRINCIPAL--NOMBRE DE PERSONA
Nombre de persona Sosa Sosa, Diego A.,
Fechas asociadas al nombre 1966
9 (RLIN) 3236
245 10 - MENCIÓN DE TÍTULO
Título ¿Forastero yo? /
Mención de responsabilidad, etc. Diego A. Sosa Sosa.
246 14 - FORMA VARIANTE DE TÍTULO
Título propio/Titulo breve ¿Forastero yo?:
Resto del título una historia de cambio
260 ## - PUBLICACIÓN, DISTRIBUCIÓN, ETC.
Lugar de publicación, distribución, etc. Santo Domingo :
Nombre del editor, distribuidor, etc. Argos,
Fecha de publicación, distribución, etc. 2004.
270 ## - DIRECCIÓN
Dirección Argos
-- P.O. Box 2806
Ciudad Santo Domingo
País República Dominicana
Número de teléfono 809-537-2691
300 ## - DESCRIPCIÓN FÍSICA
Extensión 176 p. ;
Dimensiones 21.5 cm.
505 2# - NOTA DE CONTENIDO CON FORMATO
Nota de contenido con formato Prólogo -- Un peatón deslumbrante -- En la tranquilidad del campo -- Del campo a la ciudad -- Primer paso al extranjero -- El retorno a la isla -- La reunión -- De la pampa a la pampa -- De la pampa a sampa -- Volver-volver.
590 ## - NOTA LOCAL (RLIN)
Nota local Inventariado, 2020 / DG
650 #0 - PUNTO DE ACCESO ADICIONAL DE MATERIA--TÉRMINO DE MATERIA
Término de materia o nombre geográfico como elemento de entrada Novela dominicana
9 (RLIN) 223
650 #0 - PUNTO DE ACCESO ADICIONAL DE MATERIA--TÉRMINO DE MATERIA
Término de materia o nombre geográfico como elemento de entrada Literatura dominicana.
9 (RLIN) 67
Holdings
Estado de retiro Estado de pérdida No para préstamo Código de colección Localización permanente Ubicación/localización actual Ubicación en estantería Fecha de adquisición Número de inventario Total de préstamos Signatura topográfica completa Código de barras Fecha visto por última vez Precio válido a partir de Tipo de ítem Koha Número de copia
    Excluido de préstamo Patrimonio Dominicano Patrimonio Dominicano Patrimonio Dominicano Depósito 22.09.2009 LF1   RD863 .44 S715f 914-10 25.06.2020 25.06.2020 Libro y Folleto Colección Patrimonio Dominicano  
    Excluido de préstamo Patrimonio Dominicano Patrimonio Dominicano Patrimonio Dominicano Depósito 22.09.2009 LF1   RD863 .44 S715f 914-20 25.06.2020 25.06.2020 Libro y Folleto Colección Patrimonio Dominicano e. 2
      Patrimonio Dominicano Patrimonio Dominicano Patrimonio Dominicano Orden iniciada 24.02.2014 LF1   RD863 .44 S715f 914-30 25.06.2020 25.06.2020 Libro y Folleto Colección Patrimonio Dominicano  

Powered by Koha